[Event "Scarborough Foundation 47th"]
[Site "Scarborough"]
[Date "2024.10.27"]
[Round "4.27"]
[White "Edwards, Matthew"]
[Black "Iyer, Vihaan Mahesh"]
[Result "1-0"]
[WhiteElo "1414"]
[BlackElo "1017"]
[PlyCount "81"]
[EventDate "2024.10.25"]
[EventType "swiss"]
[EventRounds "5"]
[EventCountry "ENG"]
[SourceTitle "BritBase"]
[Source "John Saunders"]
[SourceDate "2025.02.10"]
[SourceVersion "1"]
[SourceVersionDate "2025.02.10"]
[SourceQuality "1"]

1. d4 e5 2. dxe5 d6 3. Nf3 Bg4 4. h3 Bxf3 5. exf3 Nc6 6. Bb5 Qd7 7. O-O O-O-O 8. Be3 Kb8 9. Nc3 h5 10. Qe2 Nh6 11. Rad1 Nf5 12. Bg5 Be7 13. Bxe7 Nfxe7 14. exd6 cxd6 15. Rd3 Rhe8 16. Rfd1 Nf5 17. Bxc6 Qxc6 18. Qd2 a6 19. Ne4 Kc7 20. Qa5+ b6 21. Qxf5 Qxc2 22. Rc3+ Qxc3 23. bxc3 Re5 24. Qxf7+ Re7 25. Qxe7+ Rd7 26. Qg5 Kc6 27. Qd5+ Kc7 28. Qc4+ Kd8 29. Rxd6 Rxd6 30. Nxd6 Kd7 31. Qxa6 Kxd6 32. Qxb6+ Ke7 33. a4 g5 34. a5 g4 35. fxg4 hxg4 36. hxg4 Kd7 37. a6 Kc8 38. a7 Kd7 39. a8=Q Ke7 40. Qaa7+ Ke8 41. Qbb8# 1-0

[Event "Scarborough Foundation 47th"]
[Site "Scarborough"]
[Date "2024.10.27"]
[Round "4.28"]
[White "Daysh, Sofia"]
[Black "Rozman, Scarlett"]
[Result "0-1"]
[WhiteElo "1092"]
[BlackElo "1413"]
[PlyCount "40"]
[EventDate "2024.10.25"]
[EventType "swiss"]
[EventRounds "5"]
[EventCountry "ENG"]
[SourceTitle "BritBase"]
[Source "John Saunders"]
[SourceDate "2025.02.10"]
[SourceVersion "1"]
[SourceVersionDate "2025.02.10"]
[SourceQuality "1"]

1. e4 d5 2. Nc3 dxe4 3. Nxe4 Bf5 4. d3 Nc6 5. g3 Nf6 6. Nxf6+ exf6 7. Qe2+ Be7 8. Bg2 O-O 9. Nf3 Re8 10. O-O Bc5 11. Qd2 Qd7 12. Qf4 Bd6 13. Qh4 Ne7 14. h3 Ng6 15. Qd4 Bxh3 16. Bxh3 Qxh3 17. Bd2 Bxg3 18. Be3 Bd6 19. Qd5 Nh4 20. Nxh4 Qh2# 0-1

[Event "Scarborough Foundation 47th"]
[Site "Scarborough"]
[Date "2024.10.27"]
[Round "4.30"]
[White "Smith, Alan"]
[Black "Baker, Andrew"]
[Result "0-1"]
[WhiteElo "1066"]
[BlackElo "1321"]
[PlyCount "76"]
[EventDate "2024.10.25"]
[EventType "swiss"]
[EventRounds "5"]
[EventCountry "ENG"]
[SourceTitle "BritBase"]
[Source "John Saunders"]
[SourceDate "2025.02.10"]
[SourceVersion "1"]
[SourceVersionDate "2025.02.10"]
[SourceQuality "1"]

1. d4 Nf6 2. Bf4 d5 3. e3 g6 4. Nf3 Bg7 5. Nbd2 Nbd7 6. Ne5 O-O 7. h4 Ne4 8. Nxe4 dxe4 9. h5 Nxe5 10. Bxe5 Bxe5 11. hxg6 fxg6 12. c3 Bg7 13. Be2 Bf5 14. Qb3+ Kh8 15. O-O-O Rb8 16. g3 Qd7 17. Rh2 c6 18. Rdh1 h6 19. g4 Bxg4 20. Bxg4 Qxg4 21. Rh4 Qg5 22. Rxe4 Rxf2 23. Qc4 Qg2 24. Reh4 Rc2+ 25. Kb1 Rxb2+ 26. Ka1 Rb5 27. R4h2 Qg5 28. a4 Rf5 29. Ka2 Qxe3 30. Re2 Rf2 31. Rxf2 Qxf2+ 32. Kb3 b5 33. axb5 Rxb5+ 34. Ka3 Qb2+ 35. Ka4 e6 36. Re1 Bf8 37. Qb4 Bxb4 38. Ra1 Ra5# 0-1

[Event "Scarborough Foundation 47th"]
[Site "Scarborough"]
[Date "2024.10.27"]
[Round "4.32"]
[White "Ward, Colin"]
[Black "Handa, Anant"]
[Result "0-1"]
[WhiteElo "1001"]
[BlackElo "1303"]
[PlyCount "44"]
[EventDate "2024.10.25"]
[EventType "swiss"]
[EventRounds "5"]
[EventCountry "ENG"]
[SourceTitle "BritBase"]
[Source "John Saunders"]
[SourceDate "2025.02.10"]
[SourceVersion "1"]
[SourceVersionDate "2025.02.10"]
[SourceQuality "1"]

1. e4 c5 2. Nf3 Nc6 3. c3 d6 4. Bb5 Bd7 5. Bxc6 Bxc6 6. d4 cxd4 7. cxd4 Bxe4 8. Qe2 Bd5 9. Bd2 Qb6 10. Nc3 Qxb2 11. O-O Qb6 12. Nxd5 Qc6 13. Nb4 Qd7 14. Rac1 e6 15. Rc3 Nf6 16. Rfc1 Be7 17. Rc7 Qa4 18. Rc8+ Rxc8 19. Rxc8+ Bd8 20. Ng5 O-O 21. Nxe6 fxe6 22. Qxe6+ Kh8 0-1

[Event "Scarborough Foundation 47th"]
[Site "Scarborough"]
[Date "2024.10.27"]
[Round "4.34"]
[White "Ramanathan, Vaidy"]
[Black "Noble, Ronnie"]
[Result "0-1"]
[WhiteElo "1164"]
[BlackElo "1305"]
[PlyCount "76"]
[EventDate "2024.10.25"]
[EventType "swiss"]
[EventRounds "5"]
[EventCountry "ENG"]
[SourceTitle "BritBase"]
[Source "John Saunders"]
[SourceDate "2025.02.10"]
[SourceVersion "1"]
[SourceVersionDate "2025.02.10"]
[SourceQuality "1"]

1. e4 e6 2. Nf3 b6 3. d4 Bb7 4. Nc3 Nf6 5. Bd3 h6 6. O-O Be7 7. a3 d5 8. e5 Nfd7 9. Ne2 c5 10. c3 c4 11. Bc2 O-O 12. Bb1 f5 13. Nf4 Rf7 14. Be3 Nf8 15. Qd2 Kh8 16. Nh5 Nh7 17. Bxh6 gxh6 18. Qxh6 Qf8 19. Qxe6 Bd8 20. Nf4 Qg7 21. Nxd5 Nf8 22. Qd6 Rd7 23. Qb4 Bxd5 24. Ne1 Be7 25. Qa4 Qg4 26. f3 Qg5 27. Qc2 Be6 28. f4 Qh5 29. Nf3 Ng6 30. Qd2 Bd8 31. Bc2 Rh7 32. g3 Na6 33. Rf2 Be7 34. Rb1 Nc7 35. b3 Rb8 36. bxc4 Bxc4 37. Bb3 Bxb3 38. Rxb3 Qh6 0-1

[Event "Scarborough Foundation 47th"]
[Site "Scarborough"]
[Date "2024.10.27"]
[Round "4.37"]
[White "Conyers-Kelly, Toby"]
[Black "Harle, George"]
[Result "1-0"]
[WhiteElo "1191"]
[BlackElo "1094"]
[PlyCount "95"]
[EventDate "2024.10.25"]
[EventType "swiss"]
[EventRounds "5"]
[EventCountry "ENG"]
[SourceTitle "BritBase"]
[Source "John Saunders"]
[SourceDate "2025.02.10"]
[SourceVersion "1"]
[SourceVersionDate "2025.02.10"]
[SourceQuality "1"]

1. d4 d5 2. Nc3 c6 3. Nf3 Bf5 4. e3 Nf6 5. Nh4 Bg6 6. Bd3 e6 7. Qf3 Nbd7 8. Qh3 Bb4 9. Bd2 Ne4 10. Nxg6 fxg6 11. Nxe4 dxe4 12. Qxe6+ Qe7 13. Qxe7+ Bxe7 14. Bxe4 Nf6 15. Bd3 O-O 16. O-O-O Ng4 17. Be1 a5 18. f3 Nxe3 19. Rd2 a4 20. Re2 Nd5 21. a3 Kh8 22. Kb1 b5 23. c4 bxc4 24. Bxc4 Rab8 25. Bxd5 Bxa3 26. Ka2 Rfe8 27. Rxe8+ Rxe8 28. Bxc6 Re3 29. Bc3 Bd6 30. Bxa4 Re2 31. Re1 Re7 32. Rxe7 Bxe7 33. b4 Bf6 34. Bb3 g5 35. Ka3 h5 36. Be6 h4 37. h3 g6 38. Kb3 Kg7 39. d5 Bxc3 40. Kxc3 Kf6 41. Kd4 Ke7 42. Kc5 Kf6 43. b5 Ke5 44. b6 Kf4 45. b7 Kg3 46. b8=Q+ Kxg2 47. Bg4 Kf2 48. Kd4 1-0

[Event "Scarborough Foundation 47th"]
[Site "Scarborough"]
[Date "2024.10.27"]
[Round "4.38"]
[White "Roberts, David"]
[Black "Hutchinson, Stephen A"]
[Result "1-0"]
[WhiteElo "1105"]
[BlackElo "1072"]
[PlyCount "117"]
[EventDate "2024.10.25"]
[EventType "swiss"]
[EventRounds "5"]
[EventCountry "ENG"]
[SourceTitle "BritBase"]
[Source "John Saunders"]
[SourceDate "2025.02.10"]
[SourceVersion "1"]
[SourceVersionDate "2025.02.10"]
[SourceQuality "1"]

1. d4 d5 2. c4 e6 3. Nc3 Nf6 4. e3 Bb4 5. Qa4+ Nc6 6. Bd2 Bd6 7. c5 Be7 8. Nf3 Bd7 9. Qb3 O-O 10. Bd3 Na5 11. Qc2 Qe8 12. O-O h6 13. h3 Nc4 14. Bxc4 dxc4 15. b3 Bc6 16. Ne5 Bd5 17. b4 b5 18. a4 a6 19. axb5 axb5 20. e4 Bb7 21. f3 Qc8 22. Nxb5 Qb8 23. Qxc4 Qc8 24. Ra2 Ba6 25. Rfa1 c6 26. Qc1 cxb5 27. g4 g5 28. h4 Nh7 29. Be3 Qb7 30. Rh2 Kg7 31. Kf2 f6 32. Nd3 Qc7 33. Qh1 Bb7 34. hxg5 Rxa1 35. gxh6+ Kg6 36. Nf4+ Kf7 37. Qxa1 e5 38. Qa2+ Ke8 39. Ne6 Qb8 40. Nxf8 Nxf8 41. h7 exd4 42. h8=Q dxe3+ 43. Ke2 Qe5 44. Qh5+ Qxh5 45. Rxh5 Bc6 46. Rh8 Kd7 47. Kxe3 Ne6 48. Qa7+ Nc7 49. f4 f5 50. exf5 Bf6 51. Rh7+ Be7 52. f6 Kd8 53. Rh8+ Kd7 54. fxe7 Ke6 55. Qxc7 Bd7 56. Qd6+ Kf7 57. Rh7+ Ke8 58. Qb8+ Bc8 59. Qxc8# 1-0

[Event "Scarborough Foundation 47th"]
[Site "Scarborough"]
[Date "2024.10.27"]
[Round "5.1"]
[White "Wilson, Daniel"]
[Black "Springett, Michael"]
[Result "1-0"]
[WhiteElo "1503"]
[BlackElo "1495"]
[PlyCount "113"]
[EventDate "2024.10.25"]
[EventType "swiss"]
[EventRounds "5"]
[EventCountry "ENG"]
[SourceTitle "BritBase"]
[Source "John Saunders"]
[SourceDate "2025.02.10"]
[SourceVersion "1"]
[SourceVersionDate "2025.02.10"]
[SourceQuality "1"]

1. e4 e6 2. d4 d5 3. e5 c5 4. c3 Nc6 5. Nf3 Qb6 6. a3 cxd4 7. cxd4 Nge7 8. b4 Nf5 9. Bb2 a6 10. Be2 Bd7 11. O-O Be7 12. Re1 O-O 13. Bd3 Nh4 14. Nxh4 Bxh4 15. Qh5 Bxf2+ 16. Kxf2 g6 17. Qh4 Rac8 18. Bc3 f6 19. exf6 e5 20. Kg1 e4 21. Be2 Nxd4 22. Qf2 Nxe2+ 23. Rxe2 Qd6 24. Qd4 Rc4 25. f7+ Kxf7 26. Qg7+ Ke8 27. Nd2 Rc8 28. Rf1 Bb5 29. Rxf8+ Qxf8 30. Qxf8+ Kxf8 31. Re3 Ke7 32. Nb3 Rf8 33. Re1 Rc8 34. Rc1 Rd8 35. Bd4 Rd7 36. Bb6 Kf6 37. Rc7 h5 38. Rxd7 Bxd7 39. Na5 Bc8 40. Kf2 Ke5 41. Ke3 g5 42. Bd8 d4+ 43. Kf2 e3+ 44. Ke1 g4 45. Nb3 d3 46. g3 Be6 47. Bc7+ Kf6 48. Nd4 Bd5 49. Bf4 e2 50. Kd2 Be4 51. Nb3 Kf5 52. Nc5 h4 53. Nb3 Bd5 54. Nc5 h3 55. Be3 Be4 56. Bf2 Ke5 57. Nxd3+ 1-0

[Event "Scarborough Foundation 47th"]
[Site "Scarborough"]
[Date "2024.10.27"]
[Round "5.2"]
[White "Singh, Amandeep"]
[Black "Tunnacliffe, Alan"]
[Result "0-1"]
[WhiteElo "1488"]
[BlackElo "1517"]
[PlyCount "136"]
[EventDate "2024.10.25"]
[EventType "swiss"]
[EventRounds "5"]
[EventCountry "ENG"]
[SourceTitle "BritBase"]
[Source "John Saunders"]
[SourceDate "2025.02.10"]
[SourceVersion "1"]
[SourceVersionDate "2025.02.10"]
[SourceQuality "1"]

1. e4 c5 2. Nc3 Nc6 3. f4 g6 4. Nf3 Bg7 5. Bc4 e6 6. O-O Nge7 7. d3 a6 8. a4 d5 9. Ba2 O-O 10. exd5 exd5 11. Qe1 Nd4 12. Nxd4 cxd4 13. Nd1 Re8 14. Qh4 Nf5 15. Qxd8 Rxd8 16. Re1 Be6 17. Nf2 Rac8 18. Bb3 Ne3 19. Re2 h5 20. Rb1 Nf5 21. Bd2 b6 22. Nh3 a5 23. Ng5 Re8 24. Nxe6 fxe6 25. Rbe1 Kf7 26. Kf2 Ne3 27. h3 Nxc2 28. Rc1 Nb4 29. Rxc8 Nxd3+ 30. Kf3 Rxc8 31. Be1 Rc1 32. Bf2 Rf1 33. Rd2 Rxf2+ 34. Rxf2 Nxf2 35. Kxf2 d3 36. Ke3 Bxb2 37. Kxd3 Bc1 38. g3 Bb2 39. g4 hxg4 40. hxg4 Kf6 41. Bc2 Bc1 42. f5 gxf5 43. gxf5 Kxf5 44. Kd4+ Kf6 45. Bd3 Bb2+ 46. Ke3 e5 47. Bb5 Bc1+ 48. Kd3 Ke6 49. Bc6 Kd6 50. Bb5 Kc5 51. Kc2 Bf4 52. Kd1 e4 53. Ke2 d4 54. Kd1 d3 55. Ke1 Kd4 56. Kd1 e3 57. Ke1 Kc3 58. Ba6 Bg3+ 59. Kf1 e2+ 60. Kg2 e1=Q 61. Bxd3 Qf2+ 62. Kh3 Qh2+ 63. Kg4 Kxd3 64. Kf5 Kc4 65. Ke4 Kb3 66. Kd3 Kxa4 67. Ke4 Kb5 68. Kf3 a4 0-1

[Event "Scarborough Foundation 47th"]
[Site "Scarborough"]
[Date "2024.10.27"]
[Round "5.3"]
[White "Watson, Andrew T"]
[Black "Galloway, Peter"]
[Result "1/2-1/2"]
[WhiteElo "1532"]
[BlackElo "1481"]
[PlyCount "74"]
[EventDate "2024.10.25"]
[EventType "swiss"]
[EventRounds "5"]
[EventCountry "ENG"]
[SourceTitle "BritBase"]
[Source "John Saunders"]
[SourceDate "2025.02.10"]
[SourceVersion "1"]
[SourceVersionDate "2025.02.10"]
[SourceQuality "1"]

1. d4 f5 2. f3 d6 3. Bf4 Nf6 4. Nc3 Be6 5. d5 Bf7 6. e3 e5 7. Bg5 Be7 8. Bc4 Nbd7 9. Nge2 h6 10. Bh4 g5 11. Bf2 Nb6 12. Bb3 Nfd7 13. e4 f4 14. Qd3 Nc5 15. Bxc5 dxc5 16. O-O-O a6 17. Na4 c4 18. Qc3 cxb3 19. cxb3 Nxa4 20. bxa4 Qd6 21. Kb1 O-O 22. h4 Kg7 23. h5 Bf6 24. g3 Rfc8 25. gxf4 exf4 26. Nd4 Kh7 27. Qd3 Be5 28. a3 Qb6 29. Rd2 Kh8 30. Nf5 Re8 31. Rhh2 Rad8 32. a5 Qf6 33. Kc1 Be6 34. Qb3 Bxf5 35. exf5 Qxf5 36. Qxb7 Qc8 37. Qb3 Rd6 1/2-1/2

[Event "Scarborough Foundation 47th"]
[Site "Scarborough"]
[Date "2024.10.27"]
[Round "5.4"]
[White "Barker, Ian"]
[Black "Butler, Rene"]
[Result "1/2-1/2"]
[WhiteElo "1545"]
[BlackElo "1462"]
[PlyCount "94"]
[EventDate "2024.10.25"]
[EventType "swiss"]
[EventRounds "5"]
[EventCountry "ENG"]
[SourceTitle "BritBase"]
[Source "John Saunders"]
[SourceDate "2025.02.10"]
[SourceVersion "1"]
[SourceVersionDate "2025.02.10"]
[SourceQuality "1"]

1. e4 d5 2. exd5 Nf6 3. d4 Qxd5 4. Nc3 Qd8 5. Nf3 Bg4 6. Be2 e6 7. O-O Bd6 8. h3 Bxf3 9. Bxf3 c6 10. Bg5 Nbd7 11. Ne4 Be7 12. c4 Nxe4 13. Bxe7 Qxe7 14. Bxe4 Nf6 15. Bf3 O-O 16. Re1 Rfd8 17. Re3 Rd7 18. Rd3 Rad8 19. Qa4 Rxd4 20. Rxd4 Rxd4 21. Qxa7 Rxc4 22. Qa8+ Ne8 23. Rd1 f6 24. Rd2 Rc1+ 25. Kh2 Qc7+ 26. g3 Kf7 27. h4 Rc5 28. Qa3 Qe7 29. Qd3 Rf5 30. Be4 Ra5 31. a3 f5 32. Bf3 Nf6 33. b4 Re5 34. Kh3 Nd5 35. Bxd5 Rxd5 36. Qe3 Rxd2 37. Qxd2 h6 38. Qd4 Qf6 39. Qd7+ Qe7 40. Qd3 g5 41. hxg5 hxg5 42. g4 fxg4+ 43. Kxg4 Kg7 44. Qd4+ Kf7 45. Qe5 Kg6 46. Qe4+ Kh6 47. Qd4 Kh7 1/2-1/2

[Event "Scarborough Foundation 47th"]
[Site "Scarborough"]
[Date "2024.10.27"]
[Round "5.5"]
[White "Kalmar, Henrik"]
[Black "Singh, Adamjeet"]
[Result "0-1"]
[WhiteElo "1474"]
[BlackElo "1541"]
[PlyCount "96"]
[EventDate "2024.10.25"]
[EventType "swiss"]
[EventRounds "5"]
[EventCountry "ENG"]
[SourceTitle "BritBase"]
[Source "John Saunders"]
[SourceDate "2025.02.10"]
[SourceVersion "1"]
[SourceVersionDate "2025.02.10"]
[SourceQuality "1"]

1. c4 Nf6 2. Nc3 g6 3. g3 Bg7 4. Bg2 O-O 5. Nf3 d6 6. O-O c5 7. d3 Nbd7 8. Rb1 Rb8 9. Bd2 a6 10. a3 Qc7 11. b4 Ne8 12. Nd5 Qd8 13. Bc3 Nef6 14. Nxf6+ Nxf6 15. bxc5 dxc5 16. Nd2 b5 17. Qb3 Be6 18. Qc2 Qd7 19. Ne4 Nxe4 20. Bxg7 Nxg3 21. Bxf8 Nxf1 22. Bxe7 Ne3 23. fxe3 Qxe7 24. cxb5 axb5 25. Qb2 c4 26. dxc4 Bxc4 27. Kf2 Qh4+ 28. Kg1 Rb6 29. Qd4 Qxd4 30. exd4 Bxe2 31. a4 Kf8 32. axb5 Rxb5 33. Rxb5 Bxb5 34. Kf2 Ke7 35. Ke3 Ke6 36. Kf4 f6 37. h4 h6 38. Bf3 Bd3 39. Bg2 Bc4 40. Be4 g5+ 41. hxg5 hxg5+ 42. Ke3 f5 43. Bg2 f4+ 44. Kf2 g4 45. Bb7 g3+ 46. Kg1 Bd5 47. Bc8+ Kd6 48. Bg4 Be4 0-1

[Event "Scarborough Foundation 47th"]
[Site "Scarborough"]
[Date "2024.10.27"]
[Round "5.6"]
[White "Ronald, Ken"]
[Black "Coleman, Patrick N"]
[Result "1/2-1/2"]
[WhiteElo "1525"]
[BlackElo "1447"]
[PlyCount "91"]
[EventDate "2024.10.25"]
[EventType "swiss"]
[EventRounds "5"]
[EventCountry "ENG"]
[SourceTitle "BritBase"]
[Source "John Saunders"]
[SourceDate "2025.02.10"]
[SourceVersion "1"]
[SourceVersionDate "2025.02.10"]
[SourceQuality "1"]

1. d4 d5 2. c4 c6 3. Nc3 Nf6 4. Bg5 e6 5. Nf3 Nbd7 6. e3 Be7 7. Bd3 h6 8. Bh4 O-O 9. Qc2 dxc4 10. Bxc4 b5 11. Bd3 a5 12. Ne4 Bb7 13. a3 Rc8 14. Nc5 Nxc5 15. dxc5 Qd5 16. b4 Rcd8 17. Rd1 Qh5 18. O-O Rfe8 19. h3 e5 20. Kh2 Bc8 21. Rg1 Ng4+ 22. Kg3 Bxh4+ 23. Nxh4 Qg5 24. Nf3 Qh5 25. Be4 Rxd1 26. Rxd1 f5 27. hxg4 Qxg4+ 28. Kh2 fxe4 29. Nd2 axb4 30. axb4 Rf8 31. Kg1 Qe2 32. Rf1 Rd8 33. Qb3+ Kh7 34. Nxe4 Rd3 35. Qf7 Rd8 36. Qc7 Rf8 37. Qxc6 Bf5 38. Qd5 Qb2 39. Nd6 Qxb4 40. Qxe5 Qg4 41. Nxb5 Bd3 42. Rc1 Bxb5 43. c6 Qe2 44. f3 Bxc6 45. Rxc6 Qe1+ 46. Kh2 1/2-1/2

[Event "Scarborough Foundation 47th"]
[Site "Scarborough"]
[Date "2024.10.27"]
[Round "5.8"]
[White "Gaffney, Ethan"]
[Black "Green, Malcolm"]
[Result "1-0"]
[WhiteElo "1507"]
[BlackElo "1245"]
[PlyCount "61"]
[EventDate "2024.10.25"]
[EventType "swiss"]
[EventRounds "5"]
[EventCountry "ENG"]
[SourceTitle "BritBase"]
[Source "John Saunders"]
[SourceDate "2025.02.10"]
[SourceVersion "1"]
[SourceVersionDate "2025.02.10"]
[SourceQuality "1"]

1. e4 d6 2. d4 Nf6 3. Nc3 g6 4. Nf3 Bg7 5. Bc4 O-O 6. O-O Bg4 7. h3 Bd7 8. e5 dxe5 9. dxe5 Ne8 10. e6 fxe6 11. Bxe6+ Kh8 12. Ng5 Nd6 13. Be3 Nc6 14. Bc5 Qc8 15. Bxd6 Bxe6 16. Bxc7 Rf5 17. Nxe6 Qxe6 18. Bg3 Raf8 19. Qe1 Qc8 20. Rd1 R8f7 21. Qd2 Bd4 22. Nb1 Rf8 23. c3 Bf6 {[=]} 24. Qd7 Qa8 25. Qe6 Nd8 26. Qc4 Nc6 27. Rd5 Be5 28. Bxe5+ Nxe5 29. Qd4 Qb8 30. f4 e6 31. Rxe5 1-0

[Event "Scarborough Foundation 47th"]
[Site "Scarborough"]
[Date "2024.10.27"]
[Round "5.9"]
[White "Gardner, Alan R"]
[Black "Kundan Khan, Sara"]
[Result "0-1"]
[WhiteElo "1395"]
[BlackElo "1507"]
[PlyCount "96"]
[EventDate "2024.10.25"]
[EventType "swiss"]
[EventRounds "5"]
[EventCountry "ENG"]
[SourceTitle "BritBase"]
[Source "John Saunders"]
[SourceDate "2025.02.10"]
[SourceVersion "1"]
[SourceVersionDate "2025.02.10"]
[SourceQuality "1"]

1. e4 c5 2. Nf3 d6 3. d4 cxd4 4. Qxd4 Nc6 5. Qa4 Bd7 6. Bb5 a6 7. Bxc6 Bxc6 8. Qd4 Nf6 9. Nc3 g6 10. Bg5 Bg7 11. Bxf6 Bxf6 12. Qe3 O-O 13. Nd2 Qc7 14. O-O-O Rac8 15. f3 Bd7 16. Kb1 Bxc3 17. Qxc3 Qxc3 18. bxc3 Rxc3 19. Nb3 Rfc8 20. Rd2 Kg7 21. Rc1 Kf6 22. f4 R8c7 23. Kb2 Ke6 24. Nd4+ Kf6 25. Rd3 Rxd3 26. cxd3 Rxc1 27. Kxc1 e5 28. fxe5+ dxe5 29. Ne2 Bg4 30. Nc3 Kg5 31. g3 Bd7 32. Nd5 Be6 33. Kb2 Kg4 34. Nf6+ Kh3 35. Nxh7 Kxh2 36. g4 Bxg4 37. Ng5 Be2 38. Kc3 f6 39. Nf7 g5 40. Kd2 Bh5 41. Nd6 g4 42. Nf5 g3 43. Nxg3 Kxg3 44. Ke3 Bf7 45. a3 b5 46. d4 exd4+ 47. Kxd4 Kf4 48. Kd3 a5 0-1

[Event "Scarborough Foundation 47th"]
[Site "Scarborough"]
[Date "2024.10.27"]
[Round "5.10"]
[White "Clarke, Gary"]
[Black "Carling, Scott J"]
[Result "1/2-1/2"]
[WhiteElo "1521"]
[BlackElo "1447"]
[PlyCount "29"]
[EventDate "2024.10.25"]
[EventType "swiss"]
[EventRounds "5"]
[EventCountry "ENG"]
[SourceTitle "BritBase"]
[Source "John Saunders"]
[SourceDate "2025.02.10"]
[SourceVersion "1"]
[SourceVersionDate "2025.02.10"]
[SourceQuality "1"]

1. d4 d5 2. Nf3 Nf6 3. Bf4 Nc6 4. h3 Bf5 5. e3 Nb4 6. Na3 e6 7. c3 Nc6 8. Nc2 Bd6 9. Bd3 Bxd3 10. Qxd3 Bxf4 11. exf4 Ne4 12. O-O Qf6 13. Qe3 Rg8 14. Nce1 Nd6 15. Nd3 1/2-1/2

[Event "Scarborough Foundation 47th"]
[Site "Scarborough"]
[Date "2024.10.27"]
[Round "5.11"]
[White "Kilmartin, David"]
[Black "Fletcher, Martin G"]
[Result "0-1"]
[WhiteElo "1505"]
[BlackElo "1417"]
[PlyCount "42"]
[EventDate "2024.10.25"]
[EventType "swiss"]
[EventRounds "5"]
[EventCountry "ENG"]
[SourceTitle "BritBase"]
[Source "John Saunders"]
[SourceDate "2025.02.10"]
[SourceVersion "1"]
[SourceVersionDate "2025.02.10"]
[SourceQuality "1"]

1. d4 b6 2. Nf3 e6 3. e3 Ba6 4. c4 Bb4+ 5. Bd2 Bxd2+ 6. Nbxd2 Nf6 7. Bd3 d5 8. b3 Nc6 9. Rc1 Nb4 10. Bb1 O-O 11. a3 Nc6 12. O-O Na5 13. Ba2 c5 14. b4 Nxc4 15. Nxc4 dxc4 16. Bxc4 Bxc4 17. Rxc4 cxb4 18. axb4 Rc8 19. Qb3 Qd5 20. Rfc1 b5 21. R4c3 Qxb3 0-1

[Event "Scarborough Foundation 47th"]
[Site "Scarborough"]
[Date "2024.10.27"]
[Round "5.12"]
[White "Hare, Chris"]
[Black "Fischer, Paul"]
[Result "1/2-1/2"]
[WhiteElo "1340"]
[BlackElo "1468"]
[PlyCount "43"]
[EventDate "2024.10.25"]
[EventType "swiss"]
[EventRounds "5"]
[EventCountry "ENG"]
[SourceTitle "BritBase"]
[Source "John Saunders"]
[SourceDate "2025.02.10"]
[SourceVersion "1"]
[SourceVersionDate "2025.02.10"]
[SourceQuality "1"]

1. e4 e5 2. Nf3 Nc6 3. Nc3 Nf6 4. d4 exd4 5. Nxd4 Bb4 6. Nxc6 bxc6 7. Bd3 O-O 8. O-O d5 9. exd5 cxd5 10. h3 Bd6 11. Bg5 c6 12. Re1 Be7 13. Qd2 Be6 14. Ne2 Ne8 15. Bxe7 Qxe7 16. Ng3 Nf6 17. Re2 Qd7 18. Kh2 h6 19. c3 Nh7 20. Bxh7+ Kxh7 21. Rd1 Rad8 22. b4 1/2-1/2

[Event "Scarborough Foundation 47th"]
[Site "Scarborough"]
[Date "2024.10.27"]
[Round "5.13"]
[White "Brown, Stephanie"]
[Black "Singer, Matthew"]
[Result "1-0"]
[WhiteElo "1457"]
[BlackElo "1324"]
[PlyCount "57"]
[EventDate "2024.10.25"]
[EventType "swiss"]
[EventRounds "5"]
[EventCountry "ENG"]
[SourceTitle "BritBase"]
[Source "John Saunders"]
[SourceDate "2025.02.10"]
[SourceVersion "1"]
[SourceVersionDate "2025.02.10"]
[SourceQuality "1"]

1. d4 d5 2. c4 e6 3. Nf3 c5 4. cxd5 exd5 5. e3 Nf6 6. Bb5+ Bd7 7. a4 a6 8. Be2 Nc6 9. Bd2 Qb6 10. a5 Qxb2 11. Bc3 Qxa1 12. Bxa1 cxd4 13. Nxd4 Bb4+ 14. Bc3 Ne4 15. Bxb4 Nxb4 16. Qb3 Rc8 17. Qxb4 Rc1+ 18. Bd1 Nc5 19. O-O O-O 20. Be2 Rxf1+ 21. Bxf1 Rc8 22. Nc3 Kf8 23. Nxd5 Ke8 24. Nb6 Rc7 25. Nxd7 Kxd7 26. Nf5 g6 27. Qd4+ Kc8 28. Nd6+ Kd7 29. Nb5+ 1-0

[Event "Scarborough Foundation 47th"]
[Site "Scarborough"]
[Date "2024.10.27"]
[Round "5.14"]
[White "Scorer, David M"]
[Black "Coleman, Daniel"]
[Result "0-1"]
[WhiteElo "1405"]
[BlackElo "1532"]
[PlyCount "52"]
[EventDate "2024.10.25"]
[EventType "swiss"]
[EventRounds "5"]
[EventCountry "ENG"]
[SourceTitle "BritBase"]
[Source "John Saunders"]
[SourceDate "2025.02.10"]
[SourceVersion "1"]
[SourceVersionDate "2025.02.10"]
[SourceQuality "1"]

1. Nf3 d5 2. d4 Nc6 3. c4 e6 4. Nc3 Nf6 5. Bg5 Be7 6. e3 h6 7. Bh4 Bd7 8. Bd3 Nb4 9. Be2 c5 10. a3 cxd4 11. Nxd4 Nc6 12. Nxc6 bxc6 13. O-O O-O 14. Qc2 Re8 15. Rfd1 Qc7 16. Bg3 Bd6 17. c5 Bxg3 18. hxg3 a5 19. b4 Reb8 20. Qb2 Qb7 21. b5 cxb5 22. Rdb1 b4 23. axb4 axb4 24. Rxa8 Qxa8 25. Qb3 Qa5 26. Na2 Ba4 0-1

[Event "Scarborough Foundation 47th"]
[Site "Scarborough"]
[Date "2024.10.27"]
[Round "5.15"]
[White "Palmer, Ian"]
[Black "Greenaway, Terence V"]
[Result "0-1"]
[WhiteElo "1373"]
[BlackElo "1527"]
[PlyCount "106"]
[EventDate "2024.10.25"]
[EventType "swiss"]
[EventRounds "5"]
[EventCountry "ENG"]
[SourceTitle "BritBase"]
[Source "John Saunders"]
[SourceDate "2025.02.10"]
[SourceVersion "1"]
[SourceVersionDate "2025.02.10"]
[SourceQuality "1"]

1. e4 d6 2. h3 Nf6 3. Nc3 g6 4. Bc4 Bg7 5. d3 O-O 6. Be3 c6 7. Qd2 b5 8. Bb3 a5 9. a3 Nbd7 10. Nf3 Bb7 11. Bh6 e5 12. Ne2 d5 13. Nh2 dxe4 14. Ng4 Qe7 15. Bg5 Rfe8 16. dxe4 Nxe4 17. Bxe7 Nxd2 18. Bg5 Nxb3 19. cxb3 c5 20. O-O e4 21. Rab1 f5 22. Ne3 Ne5 23. Rfd1 Nd3 24. Nf4 Ne5 25. Nfd5 Kf7 26. Nc7 Nd3 27. Nxa8 Bxa8 28. Rd2 h6 29. Bh4 f4 30. Nd5 Bxd5 31. f3 g5 32. Be1 Bd4+ 33. Kf1 Be3 34. Rc2 Bxb3 35. Rc3 a4 36. fxe4 Bc4 37. Rc2 f3 38. gxf3 Nf4+ 39. Rxc4 bxc4 40. Rd1 Nd3 41. Ke2 Bd4 42. b3 Nf4+ 43. Kd2 cxb3 44. Kc1 Ke7 45. Ba5 Rb8 46. Bc7 Ne2+ 47. Kd2 Rb7 48. Ba5 Nf4 49. Bc3 Ne6 50. Bxd4 Nxd4 51. Kd3 b2 52. Rb1 Nxf3 53. Kc3 Rb3+ 0-1